| 000 | 00765cam a22002531 4500 | ||
|---|---|---|---|
| 999 |
_c1195 _d1195 |
||
| 001 | 19461 | ||
| 003 | BD-DhUAP | ||
| 005 | 20200203160640.0 | ||
| 008 | 200203t20122004ii 000 0 eng | ||
| 020 | _a9788180385551 | ||
| 040 |
_aDLC _cCarP _dBD-DhUAP _bEng |
||
| 082 |
_223 _a341 BEN |
||
| 100 | 1 | _aBentham, Jeremy. | |
| 245 | 1 | 0 |
_aBentham's Theory of legislation / _cJeremy Behtham ; with revised and enlarged introduction by Upendra Baxi. |
| 260 |
_aNagpur : _bBentham's Theory of legislation _cc2004 [Reprinted 2012]. |
||
| 300 |
_axxxii, 295 pages ; _c22 cm. |
||
| 500 | _aIncludes index. | ||
| 650 | 0 |
_aLaw _xPhilosophy. |
|
| 650 | 0 | _aUtilitarianism. | |
| 650 | 0 | _aCivil law. | |
| 650 | 0 | _aCriminal law. | |
| 700 | _aBaxi, Upendra. | ||
| 942 |
_2ddc _cBK |
||